serun
ՀԱՅ ԳԻՐՔ = Armenian Book

Աբու-Լալա Մահարի ։ (Record no. 166179)

000 -LEADER
fixed length control field nam a22 a 4500
003 - CONTROL NUMBER IDENTIFIER
control field AM-YeNLA
005 - DATE AND TIME OF LATEST TRANSACTION
control field 20260408165207.0
007 - PHYSICAL DESCRIPTION FIXED FIELD--GENERAL INFORMATION
fixed length control field ta
008 - FIXED-LENGTH DATA ELEMENTS--GENERAL INFORMATION
fixed length control field 260408s2025 ai ac||gr|||||000|p|arm||
020 ## - INTERNATIONAL STANDARD BOOK NUMBER
International Standard Book Number 978-9939-78-408-3
020 ## - INTERNATIONAL STANDARD BOOK NUMBER
International Standard Book Number 978-9939-78-407-6
040 ## - CATALOGING SOURCE
Language of cataloging arm
Transcribing agency AM-YeNLA
041 0# - LANGUAGE CODE
Language code of text/sound track or separate title arm
041 0# - LANGUAGE CODE
Language code of text/sound track or separate title fre
100 1# - MAIN ENTRY--PERSONAL NAME
9 (RLIN) 26901
Personal name Իսահակյան, Ավետիք,
Dates associated with a name 1875-1957
245 10 - TITLE STATEMENT
Title Աբու-Լալա Մահարի ։
Remainder of title [Պոեմ] /
Statement of responsibility, etc. Ավ. Իսահակյան ; Առաջաբանի հեղինակ՝ Ա. Իսահակյան, Ժան-Պիեռ Մահե ; [Ձևավորումը՝ Ա. Ուռուտյանի, Սրբագրիչ՝ Ռ. Մեսրոպյան] ; Ավետիք Իսահակյանի տուն-թանգարան.
246 15 - VARYING FORM OF TITLE
Title proper/short title Abou-Lala Mahari ։
Remainder of title [Poem]
260 ## - PUBLICATION, DISTRIBUTION, ETC. (IMPRINT)
Place of publication, distribution, etc. Երևան :
Name of publisher, distributor, etc. Արմավ,
Date of publication, distribution, etc. 2025.
300 ## - PHYSICAL DESCRIPTION
Extent 44 ; 42 էջ ։
Other physical details դիմանկար, նկար ;
Dimensions 23 սմ․
500 ## - GENERAL NOTE
General note Երկկողմանի գիրք՝ հակադարձ էջակալությամբ : Գրքի նկարները՝ Մարտիրոս Սարյանի։
504 ## - BIBLIOGRAPHY, ETC. NOTE
Bibliography, etc Տողատակերում՝ մատենագիտական ծանոթագրություներ ։
546 ## - LANGUAGE NOTE
Language note Բնագիրը զուգահեռ՝ հայերեն և ֆրանսերեն ։
650 #4 - SUBJECT ADDED ENTRY--TOPICAL TERM
9 (RLIN) 33763
Topical term or geographic name as entry element Հայ պոեզիա
700 1# - ADDED ENTRY--PERSONAL NAME
Personal name Մեսրոպյան, Ռ.
Relator term սրբագրիչ
Relator code crr
700 1# - ADDED ENTRY--PERSONAL NAME
Personal name Ուռուտյան, Ա.
Relator term ձևավորող
Relator code bkd
700 1# - ADDED ENTRY--PERSONAL NAME
Personal name Իսահակյան, Ավիկ
Relator term առաջաբանի հեղինակ
Relator code aui
700 1# - ADDED ENTRY--PERSONAL NAME
Personal name Մահե Ժան-Պիեռ
Relator term առաջաբանի հեղինակ
Relator code aui
710 2# - ADDED ENTRY--CORPORATE NAME
Corporate name or jurisdiction name as entry element Ավետիք Իսահակյանի տուն-թանգարան
9 (RLIN) 34908
942 ## - ADDED ENTRY ELEMENTS (KOHA)
Source of classification or shelving scheme
Koha item type Books
Holdings
Withdrawn status Lost status Source of classification or shelving scheme Damaged status Not for loan Permanent Location Current Location Date acquired Inventory number Date last seen Price effective from Koha item type
          National Library of Armenia National Library of Armenia 2026-04-08 ՀԱԳ 2026-04-08 2026-04-08 Books

Հայաստանի ազգային գրադարան ՀՀ, 0009,Երևան, Տերյան 72
Հետադարձ կապ